[Event "45th Olympiad 2024"]
[Site "Budapest HUN"]
[Date "2024.09.22"]
[Round "11.63"]
[Board "3"]
[White "Kalidjo, Imaan"]
[Black "Anas Khwaira"]
[Result "0-1"]
[WhiteElo "1934"]
[BlackElo "1994"]
[PlyCount "88"]
[EventDate "2024.09.11"]
[WhiteTeam "Suriname"]
[BlackTeam "Jordan"]
[WhiteTeamCountry "SUR"]
[BlackTeamCountry "JOR"]

1. d4 Nf6 2. c4 g6 3. Nc3 Bg7 4. e4 d6 5. Bd3 O-O 6. f3 c5 7. d5 Na6 ({RR} 7... e6 8. Nge2 a6 9. a4 Qc7 10. O-O exd5 11. cxd5 Nbd7 12. a5 Ne5 13. Bb1 Bd7 14. Qb3 Rab8 15. f4 c4 16. Qd1 Neg4 17. Kh1 b5 18. axb6 Qxb6 19. Qe1 Ne8 20. h3 Ngf6 21. e5 Nh5 22. g4 {1-0 Granda Zuniga,J (2525)-Barlov,D (2555) Interzonal-14c 1987 (5)}) ({RR} 7... Nbd7 8. Nge2 Ne5 9. O-O e6 10. f4 Nxd3 11. Qxd3 exd5 12. cxd5 Re8 13. Ng3 a6 14. Bd2 b5 15. Rae1 Qb6 16. Kh1 c4 17. Qc2 Bb7 18. f5 Nd7 19. fxg6 hxg6 20. Bf4 Ne5 21. Bxe5 Rxe5 22. Qe2 {1-0 Gosse,R-Leroy,S (1287) Cappelle Online Blitz op 1st 2021 (9)}) 8. Nge2 Nc7 $146 ({RR} 8... e6 9. O-O exd5 10. exd5 Nc7 11. Bd2 a6 12. Qc1 Bd7 13. Bh6 b5 14. Bxg7 Kxg7 15. b3 b4 16. Ne4 Nxe4 17. Bxe4 Qf6 18. Rb1 Kg8 19. Qb2 Ne8 20. Ng3 Qf4 21. Qc1 Qh4 22. Re1 Nf6 23. Bd3 {0-1 Faganel,K (1466)-Markocic,S (1513) SLO-chT U16 Girls 2013 (6)}) ({RR} 8... e6 9. O-O Nc7 10. Kh1 a6 11. a4 Rb8 12. Bg5 h6 13. Bh4 g5 14. Bg3 Nh5 15. dxe6 Nxg3+ 16. Nxg3 fxe6 17. Bc2 Be5 18. Qd2 Bd7 19. Rfd1 Qf6 20. Ra2 Ne8 21. Nh5 Qg6 22. Ng3 Ng7 23. Nce2 {1-0 Salcedo,D (1898)-Rivera,I (2174) COL-chT rapid (Women) 2019 (6.2)}) ({RR} 8... e6 9. Bg5 Nc7 10. Qd2 exd5 11. exd5 Qd7 12. h4 h5 13. O-O-O b5 14. Qf4 bxc4 15. Bxc4 Nh7 16. Bh6 Be5 17. Qd2 Re8 18. Rdg1 Rb8 19. g4 hxg4 20. Rxg4 Nf6 21. Rg5 Nh7 22. Rg2 Kh8 23. h5 {1-0 Dusbaba,K (1970)-Gruss,H (1860) Klatovy op-A 1998}) 9. Be3 Rb8 10. Qd2 e6 11. O-O exd5 12. exd5 Re8 13. Bg5 Qd7 14. Ng3 Kh8 15. Qf4 Ng8 16. Nge4 f5 17. Ng3 h6 18. Qh4 Bd4+ 19. Kh1 Qh7 20. Bd8 g5 21. Bxg5 hxg5 22. Qxh7+ Kxh7 23. Nxf5 Bxf5 24. Bxf5+ Kh6 25. Ne4 Bxb2 26. Nxd6 Bxa1 27. Nxe8 Nxe8 28. Rxa1 Nd6 29. g4 Nxf5 30. gxf5 Re8 31. a4 Nf6 32. Rb1 b6 33. a5 Nd7 34. Kg2 Kg7 35. axb6 axb6 36. f4 gxf4 37. Kf3 Kf6 38. Kxf4 Rh8 39. Re1 Rh4+ 40. Kg3 Rxc4 41. Re6+ Kxf5 42. Rd6 Rg4+ 43. Kf2 Rg7 44. Re6 b5 0-1

[Event "45th Olympiad 2024"]
[Site "Budapest HUN"]
[Date "2024.09.22"]
[Round "11.63"]
[Board "4"]
[White "Rakan Dasa"]
[Black "Chashawa, Shaief"]
[Result "0-1"]
[WhiteElo "1975"]
[BlackElo "1825"]
[PlyCount "117"]
[EventDate "2024.09.11"]
[WhiteTeam "Jordan"]
[BlackTeam "Suriname"]
[WhiteTeamCountry "JOR"]
[BlackTeamCountry "SUR"]

1. e4 e5 2. Nc3 Nf6 3. f4 d5 4. fxe5 Nxe4 5. Nf3 c5 6. Bd3 ({RR} 6. Qe2 Nxc3 7. dxc3 Qb6 8. Qf2 Nc6 9. Be2 Be6 10. O-O O-O-O 11. a3 h6 12. b4 d4 13. cxd4 cxd4 14. Bb2 Bd5 15. Bxd4 Nxd4 16. Qxd4 g5 17. c4 Be6 18. c5 Qc7 19. Qe3 Bg7 20. b5 Kb8 {1-0 Popov,I (2531)-Ponkratov,P (2469) RUS-ch U20 St Petersburg 2007 (3)}) ({RR} 6. Bb5+ Nc6 7. Qe2 Nxc3 8. dxc3 Be7 9. Bf4 Be6 10. O-O-O Qa5 11. Kb1 a6 12. Bxc6+ bxc6 13. c4 Rb8 14. Qd2 Qa4 15. Bg5 Qa3 16. c3 d4 17. cxd4 Bxc4 18. Qc2 Qxa2+ 19. Kc1 Bb3 20. Qc3 Bxg5+ {0-1 Vea,O (2157)-Handigol,A (1950) Titled Tue 26th Mar Late 2024 (9)}) 6... Ng5 $146 ({RR} 6... Nxc3 7. dxc3 Be7 8. O-O O-O 9. Bxh7+ Kxh7 10. Ng5+ Bxg5 11. Qh5+ Bh6 12. Rf6 Nd7 13. Rxh6+ gxh6 14. Bxh6 Re8 15. Bg5+ Kg8 16. Bf6 Nxf6 17. Qg5+ Kh8 18. exf6 {1-0 Pinkas,K-Gizelak POL Poland 1973}) ({RR} 6... Nxc3 7. dxc3 Be7 8. O-O Nc6 9. Qe1 Be6 10. Qg3 Qc7 11. Qxg7 O-O-O 12. Bxh7 c4 13. Be3 Qd7 14. Ng5 Bxg5 15. Bxg5 f6 16. Qxd7+ Rxd7 17. Rxf6 Rdxh7 18. Rxe6 Rxh2 19. Rf1 Nxe5 20. Rf8+ Rxf8 21. Kxh2 {1-0 Hussein,N (2338)-Del Castilho,M (2161) Olympiad-38 Dresden 2008 (4)}) ({RR} 6... Nxc3 7. bxc3 Be7 8. O-O Be6 9. Rb1 b6 10. Bb5+ Nd7 11. Qe2 O-O 12. c4 Qc7 13. Bb2 d4 14. Rbe1 a6 15. Ba4 Rab8 16. Bb3 b5 17. cxb5 c4 18. bxa6 d3 19. cxd3 cxb3 20. axb3 Rxb3 21. Bd4 {½-½ Sanz Perez,E (2174)-Debray,F (2165) FRA-chT2C 0506 2005 (2.4)}) 7. O-O Bg4 8. Be2 Ne6 9. Qe1 Be7 10. Qg3 Bh5 11. Ng5 Bxe2 12. Nxe6 fxe6 13. Nxe2 g6 14. Qh3 Qb6 15. Nf4 c4+ 16. Kh1 O-O 17. Rf3 Nd7 18. d4 cxd3 19. Nxd3 Rxf3 20. Qxf3 Rf8 21. Qe2 Qc7 22. Be3 Bc5 23. Bh6 Rf5 24. Rf1 Rxf1+ 25. Qxf1 Be7 26. Qe2 Qc4 27. b3 Qc3 28. h4 Nc5 29. Qg4 Kf7 30. Nxc5 Qxc5 31. Qf3+ Ke8 32. Qe2 Qc3 33. Bf4 Bxh4 34. Qg4 Qe1+ 35. Kh2 Kd7 36. Qf3 Be7 37. c4 Qh4+ 38. Kg1 Qe1+ 39. Kh2 Qe4 40. Qxe4 dxe4 41. Kg1 Bc5+ 42. Kf1 Bd4 43. Ke2 a6 44. Bd2 Kc6 45. a4 Kc5 46. a5 Bg1 47. Kf1 Bh2 48. Bc3 h5 49. Kf2 Bf4 50. g3 Bc1 51. Ke2 g5 52. Kf2 h4 53. g4 Bf4 54. Kg2 Be3 55. Kf1 Bd4 56. Bd2 e3 57. Bc1 Kb4 58. Ke2 Kxb3 59. Kd3 0-1

[Event "45th Olympiad 2024"]
[Site "Budapest HUN"]
[Date "2024.09.22"]
[Round "11.64"]
[Board "1"]
[White "Christie, Joshua"]
[Black "Njoroge, Martin"]
[Result "1-0"]
[WhiteElo "2271"]
[BlackElo "1972"]
[PlyCount "105"]
[EventDate "2024.09.11"]
[WhiteTeam "Jamaica"]
[BlackTeam "Kenya"]
[WhiteTeamCountry "JAM"]
[BlackTeamCountry "KEN"]

1. d4 d5 2. c4 e6 3. Nc3 Be7 4. Nf3 Nf6 5. Bg5 O-O 6. e3 Nbd7 7. Rc1 c6 8. Qc2 Nb6 ({RR} 8... Nh5 9. Bxe7 Qxe7 10. Bd3 g6 11. O-O dxc4 12. Bxc4 e5 13. d5 Nb6 14. Bb3 Bg4 15. Qe4 Bxf3 16. Qxf3 cxd5 17. Nxd5 Nxd5 18. Bxd5 Nf6 19. Bb3 Rac8 20. h3 Kg7 21. Rfd1 Rxc1 22. Rxc1 Rd8 23. g3 {1-0 Rustemov,A (2525)-Mikhalchenko,P (2322) Titled Tue 19th Mar Early 2024 (10)}) 9. c5 Nbd7 10. b4 $146 ({RR} 10. Bd3 h6 11. Bf4 Nh5 12. O-O Nxf4 13. exf4 Bf6 14. Ne5 Qc7 15. b4 b6 16. Ne2 b5 17. Ng3 Bxe5 18. fxe5 a5 19. a3 Nb8 20. Qd2 axb4 21. axb4 Ra4 22. Bc2 Ra7 23. Qd3 g6 24. Qe3 Kg7 {1-0 Grandadam,P (2055)-Khalfaoui,M (1730) FRA-ch U14 Aix les Bains 2009 (1)}) 10... Nh5 11. h4 f5 12. Bf4 Nxf4 13. exf4 Nf6 14. Be2 Bd7 15. O-O Ne4 16. g3 h6 17. h5 Be8 18. Ne5 Bf6 19. Nb1 Be7 20. Kg2 Rc8 21. Nd2 b6 22. Nb3 b5 23. Ra1 Nf6 24. Rh1 Nd7 25. a4 Nxe5 26. dxe5 a6 27. Nd4 Bd7 28. axb5 axb5 29. Ra7 Rc7 30. Rha1 Qb8 31. R7a6 Kh8 32. R1a3 Qc8 33. Qa2 Rb7 34. Ra7 Rb8 35. R3a6 Bd8 36. Ra8 Bc7 37. Rxb8 Bxb8 38. Ra8 Kg8 39. Qa6 Qxa6 40. Rxa6 Rc8 41. Rb6 Kf8 42. g4 fxg4 43. Bxg4 Ke7 44. Rb7 Bc7 45. Kf3 Kf7 46. Ke3 g6 47. hxg6+ Kxg6 48. Bxe6 Bxe6 49. Nxe6 Bxe5 50. fxe5 Re8 51. Rg7+ Kf5 52. Nd4+ Kxe5 53. Rf7 1-0

[Event "45th Olympiad 2024"]
[Site "Budapest HUN"]
[Date "2024.09.22"]
[Round "11.64"]
[Board "2"]
[White "Kanegeni, Matthew Kamau"]
[Black "Smith, Shreyas"]
[Result "0-1"]
[WhiteElo "1976"]
[BlackElo "2226"]
[PlyCount "72"]
[EventDate "2024.09.11"]
[WhiteTeam "Kenya"]
[BlackTeam "Jamaica"]
[WhiteTeamCountry "KEN"]
[BlackTeamCountry "JAM"]

1. e4 {Anand,Viswanathan} c5 2. Nf3 Nc6 3. d4 cxd4 4. Nxd4 e5 5. Nb5 d6 6. c4 Be7 7. Bd3 ({RR} 7. Be2 Be6 8. O-O h6) 7... Nf6 8. O-O O-O 9. N1c3 a6 10. Na3 Be6 ({RR} 10... Ne8 11. b3 Bg5 12. Bb2 Be6 13. Nc2 Rc8 14. Kh1 Ne7 15. Qe2 g6 16. Rad1 Ng7 17. Ne3 Qb6 18. Rfe1 Nc6 19. Bb1 ({RR} 19. Ncd5 Qc5 20. Bb1 f5) 19... Rcd8 ({RR} 19... Nd4 20. Qd3) 20. Ncd5 Qc5 21. Qf3 ({RR} 21. g3 f5 22. exf5 gxf5 23. f4 Bh6) 21... f5 22. Qg3 ({RR} 22. exf5 Bxe3 23. Nxe3 Nxf5) 22... Bxe3 23. fxe3 Rf7 24. exf5 Bxf5 ({RR} 24... Nxf5 25. Bxf5 Bxf5 26. e4 Be6 27. Bc1) 25. Bxf5 {½-½ Anand,V (2720)-Shirov,A (2740) Buenos Aires Sicilian 1994 (2)}) 11. Nc2 ({RR} 11. b3 Nd7) ({RR} 11. h3 Rc8 12. Be3 Qd7 13. Rc1 Bd8 14. b3 Kh8 15. Nc2 Ng8 16. Na4 f5 17. exf5 Bxf5 18. Nb6 Bxb6 19. Bxb6 e4 20. Be2 Nf6 21. Ne3 Be6 22. Qd2 Ne5 23. Rfd1 Qc6 24. Qxd6 Nd3 25. Qxc6 Rxc6 {1-0 Morgunov,M (2368)-Brandao,M (1973) Titled Tue 2nd Jan Early 2024 (1)}) 11... Rc8 12. Nd5 Nd7 13. b3 $146 ({RR} 13. b4 Bg5 14. Bb2 Bxd5 15. exd5 Ne7 16. Re1 Ng6 17. Ne3 Bxe3 18. Rxe3 f5 19. Rc1 a5 20. a3 Qb6 21. Qd2 axb4 22. axb4 Rf7 23. h3 Qd8 24. Bf1 Qg5 25. c5 Nh4 26. c6 Nf3+ 27. Rxf3 Qxd2 {0-1 Garriga Cazorla,P (2511)-Lemeaux,D (2291) Barcelona Sants op-A 23rd 2022 (4)}) 13... Bg5 14. Ba3 Nc5 15. b4 Nxd3 16. Qxd3 f5 17. f3 Ne7 18. Nce3 Bxe3+ 19. Nxe3 f4 20. Nd5 Nxd5 21. exd5 Bf5 22. Qe2 Rf6 23. Rad1 Rh6 24. Rf2 Qh4 25. h3 Rg6 26. Kf1 e4 27. fxe4 Bg4 28. Qd3 Bxd1 29. Qxd1 Rxc4 30. e5 Re4 31. e6 f3 32. Rxf3 Rf6 33. b5 Rxf3+ 34. gxf3 Qxh3+ 35. Kg1 Qg3+ 36. Kf1 Re3 0-1

[Event "45th Olympiad 2024"]
[Site "Budapest HUN"]
[Date "2024.09.22"]
[Round "11.64"]
[Board "3"]
[White "Glaves, Raheem"]
[Black "Oluka Robert Mcligeyo"]
[Result "1-0"]
[WhiteElo "2094"]
[BlackElo "1990"]
[PlyCount "55"]
[EventDate "2024.09.11"]
[WhiteTeam "Jamaica"]
[BlackTeam "Kenya"]
[WhiteTeamCountry "JAM"]
[BlackTeamCountry "KEN"]

1. e4 {Quintiliano,Renato} c5 2. Nf3 Nc6 3. Nc3 g6 4. d4 cxd4 5. Nxd4 Bg7 6. Nb3 Nf6 7. Be2 O-O 8. Be3 d6 9. g4 a5 ({RR} 9... a6 10. h4 ({RR} 10. g5 Nd7 11. Qd2 b5 12. h4 b4) 10... b5 ({RR} 10... d5 11. Nxd5 ({RR} 11. exd5 Nb4 12. Bd4 Nbxd5 13. g5 Nxc3 14. Bxc3 Nh5 15. Bxg7 Nxg7) 11... Nxe4 12. Bf3 Nf6 ({RR} 12... f5 13. Nb6 Rb8 14. Qxd8 Rxd8 15. Nxc8 Rbxc8 16. gxf5 gxf5 17. Rg1) 13. Nb6 Rb8 14. Qxd8 Rxd8 15. Nxc8 Rbxc8 16. c3 b5) ({RR} 10... a5 11. g5 Nh5 12. Nd5 ({RR} 12. Qd2) 12... Bxb2 13. Rb1 Bg7 14. Bb6 Qd7) 11. h5 b4 12. Nd5 e6 ({RR} 12... Nxe4 13. hxg6 hxg6 ({RR} 13... fxg6 14. Qd3 Nc5 ({RR} 14... Bxb2 15. Qxe4 Bxa1 16. Nxa1) 15. Nxc5 dxc5 16. Bxc5 Bxb2 17. Rd1 Be6 18. Qe4 Bxd5 19. Rxd5) 14. Qd3 Nc5 ({RR} 14... Nf6 15. Bb6 Qd7 16. Qh3 Re8 17. Be3 Rb8 ({RR} 17... Nxd5 18. Qh7+ Kf8 19. Bh6) 18. O-O-O Ne5 19. Nxf6+ exf6 20. Bh6 Bh8 21. Qh4 Nxg4 22. Bf4 Bg7 23. Bxg4 Qxg4 24. Qh7+ Kf8 25. Bxd6+) 15. Nxc5 dxc5 16. Bxc5 Re8 17. Bb6 Ne5 18. Qb3 Qd6) ({RR} 12... Be6 13. f3) ({RR} 12... Nxd5 13. exd5 Ne5 14. f4 Nd7 15. Bd4) ({RR} 12... Rb8 13. hxg6 hxg6 14. f3) 13. Nb6 Rb8 14. Nxc8 Qxc8 ({RR} 14... Rxc8 15. Bxa6 Rb8 16. hxg6 hxg6 17. g5 ({RR} 17. f3 d5) 17... Nxe4 18. Qg4 d5 19. Bd3 f5 20. gxf6 Qxf6 21. Bxe4 Ne5 22. Qh4 dxe4) 15. Qxd6 e5 ({RR} 15... Nxe4 16. Qf4 Nf6 17. hxg6 fxg6 ({RR} 17... hxg6 18. O-O-O ({RR} 18. g5 Nh5 19. Bxh5 gxh5 20. O-O-O) 18... Rd8 19. Qh2 Rxd1+ 20. Bxd1) 18. Qh2) 16. O-O-O a5 ({RR} 16... Nxe4 17. Qd3 Nf6 18. hxg6 hxg6 19. g5 Rd8 20. Qc4 Nd7 21. Qxa6) 17. hxg6 hxg6 18. g5 ({RR} 18. f3 a4 19. Nd2 Rd8 20. Qc5 Nd7 21. Qc4 Nb6) 18... Rd8 ({RR} 18... Nxe4 19. Qd5) 19. Qc5 Nd7 ({RR} 19... Nxe4 20. Rxd8+ Nxd8 21. Qxc8 Rxc8 22. Nxa5 Ra8 23. Nc4 Rxa2 24. Kb1 Ra6 25. Rh4 Nd6 26. Nxd6 Rxd6 27. Rxb4) 20. Qd5 Nb6 ({RR} 20... a4 21. Bc4) 21. Qb5 Nd5 ({RR} 21... Nd4 22. Nxd4 exd4 23. Bf4 Rb7 24. Qxa5 Qc6 25. Be5 Ra8 26. Bxg7 Rxa5 27. Bf6 Qxf6 28. gxf6 Rxa2 29. e5) 22. Qa4 Nxe3 ({RR} 22... Nb6 23. Rxd8+ Nxd8 24. Qe8+ Bf8 25. Qxe5) 23. fxe3 Qc7 24. Bc4 {1-0 Fedoseev,V (2731)-Inarkiev,E (2702) FIDE World Cup 2017 (2.1)} {RR} Rbc8 25. Rdf1 Rd7 26. Rh2) ({RR} 9... d5 10. exd5 ({RR} 10. Nxd5 Nxe4 11. Bf3 f5) 10... Nb4 11. Bf3 ({RR} 11. d6 Qxd6 12. Bc5 Qf4) ({RR} 11. Bd4 Nbxd5 12. g5 Nxc3 13. Bxc3 Ne4 14. Bxg7 Kxg7) 11... Bxg4 ({RR} 11... Nxg4 12. Bc5) 12. Bxg4 Nxg4 13. Qxg4 ({RR} 13. Bc5 Bxc3+ 14. bxc3 Qxd5 15. Qxg4 Nxc2+ 16. Ke2 Nxa1 17. Rxa1 Rfd8 18. Qf3 Qc4+ 19. Ke1 Rd3 20. Qxb7 Qxc3+ 21. Kf1 Qc4) 13... Nxc2+ 14. Ke2 Nxa1 15. Rxa1 Bxc3 16. bxc3 Qxd5 17. c4 Qc6 18. Nd2 Rad8 19. Qf3 Qc7 20. Rb1 b6 21. Rb5 Qxh2) 10. a4 ({RR} 10. g5 Nd7 11. a4 Nb6 12. Nd5 Nxd5 13. exd5 Nb8 14. h4 Bf5 15. Nd4 Be4 16. Bf3 Bxf3 17. Qxf3 Nd7 18. h5 Ne5 19. Qh3 Qc8 20. hxg6 Qxh3 21. gxf7+ Rxf7 22. Rxh3 Rc8 23. O-O-O Ng4 24. Rh4 Nxe3 {1-0 Kopylov,A (2397)-Arakelyan,M (2209) 17th Poti Open 2024 (7.8)}) 10... Be6 11. g5 Nd7 $146 ({RR} 11... Nh5 12. f4 Nb4 13. f5 d5 14. Nb5 gxf5 15. Bxh5 dxe4 16. N3d4 f4 17. Nxe6 fxe6 18. Bd2 Qb6 19. Bxb4 axb4 20. Qe2 Bxb2 21. Rb1 Rxa4 22. Qxe4 Qc6 23. Bf3 Qxe4+ 24. Bxe4 b3 25. Rxb2 Rxe4+ 26. Kf2 {1-0 Vuckovic,A (2311)-Hubel,M (2107) Staufer op 22nd 2010 (5)}) 12. f4 Bxb3 13. cxb3 Rc8 14. h4 Nb4 15. Rc1 Nc5 16. h5 Qb6 17. Rh3 Qc6 18. hxg6 hxg6 19. Bb5 Qc7 20. f5 b6 21. fxg6 fxg6 22. Bc4+ Rf7 23. Bxf7+ Kxf7 24. Rf3+ Kg8 25. Nd5 Nbd3+ 26. Kf1 Qb7 27. Qxd3 e6 28. Rxc5 1-0

[Event "45th Olympiad 2024"]
[Site "Budapest HUN"]
[Date "2024.09.22"]
[Round "11.64"]
[Board "4"]
[White "Wanasunia, Elvis Likoko"]
[Black "Shaw, Jaden"]
[Result "0-1"]
[WhiteElo "1942"]
[BlackElo "2051"]
[PlyCount "144"]
[EventDate "2024.09.11"]
[WhiteTeam "Kenya"]
[BlackTeam "Jamaica"]
[WhiteTeamCountry "KEN"]
[BlackTeamCountry "JAM"]

1. e4 e6 2. Qe2 Ne7 3. Nf3 c5 ({RR} 3... d5 4. d3 b6 5. exd5 Nxd5 6. g3 c5 7. Bg2 Nc6 8. O-O Bb7 9. Nbd2 Be7 10. Nc4 Bf6 11. c3 O-O 12. a4 Qc7 13. Ng5 Bxg5 14. Bxg5 h6 15. Bd2 Rad8 16. Rad1 Rd7 17. Bc1 Rfd8 18. Rfe1 {0-1 Taher,Y (2445)-Nakamura,H (2789) Titled Tue 12th Mar Early 2024 (7)}) 4. g3 $146 ({RR} 4. d4 cxd4 5. Nxd4 Nec6 6. Nxc6 Nxc6 7. c3 Be7 8. g3 e5 9. Bg2 d6 10. O-O O-O 11. Nd2 Be6 12. Nc4 b5 13. Ne3 a6 14. Nd5 Qd7 15. Nb6 Qc7 16. Nxa8 Rxa8 17. Rd1 Rd8 18. Bd2 Na5 {1-0 Martinez,M (1967)-Pena Mora,C (1509) COL-ch sf1 Medellin 2019 (5)}) 4... g6 5. Bg2 Bg7 6. O-O d6 7. d3 O-O 8. a4 Nbc6 9. c3 e5 10. Nh4 h6 11. Nd2 Be6 12. Nc4 d5 13. Ne3 d4 14. Nc2 g5 15. Nf3 f5 16. exf5 Bxf5 17. cxd4 exd4 18. Nd2 Ne5 19. Ne1 N7c6 20. Be4 Bh3 21. Bg2 Bg4 22. f3 Bf5 23. f4 Ng4 24. Nc4 Qd7 25. fxg5 Rae8 26. Qc2 Ne3 27. Nxe3 dxe3 28. gxh6 e2 29. Rf3 Nd4 30. Qc4+ Be6 31. Rxf8+ Rxf8 32. Qxc5 Nf3+ 33. Nxf3 e1=Q+ 34. Nxe1 Bd4+ 35. Be3 Bxc5 36. Bxc5 Rf7 37. Bxa7 Qd6 38. Be3 Qe5 39. Bf4 Qxb2 40. Rd1 Rxf4 41. gxf4 Bb3 42. Bxb7 Bxd1 43. Be4 Qb6+ 44. Kh1 Qxh6 45. Ng2 Bxa4 46. h4 Bd1 47. Kh2 Qh5 48. Kg3 Qg4+ 49. Kf2 Kg7 50. Ke3 Kf6 51. Kd4 Qg3 52. Ne3 Qf2 53. f5 Bg4 54. Bd5 Bxf5 55. h5 Qf4+ 56. Be4 Bxe4 57. dxe4 Qe5+ 58. Kd3 Qxh5 59. Nc4 Qd1+ 60. Ke3 Ke6 61. Nd2 Qc1 62. Kd3 Ke5 63. Ke3 Qc3+ 64. Ke2 Kd4 65. Nf3+ Kxe4 66. Nd2+ Kf4 67. Nf1 Qb2+ 68. Nd2 Qc2 69. Ke1 Ke3 70. Nf1+ Kd3 71. Ng3 Qg2 72. Nf1 Qe2# 0-1

[Event "45th Olympiad 2024"]
[Site "Budapest HUN"]
[Date "2024.09.22"]
[Round "11.65"]
[Board "1"]
[White "Koniahli, Malek"]
[Black "Al Maashani, Amer"]
[Result "1-0"]
[WhiteElo "2282"]
[BlackElo "1979"]
[PlyCount "89"]
[EventDate "2024.09.11"]
[WhiteTeam "Syria"]
[BlackTeam "Oman"]
[WhiteTeamCountry "SYR"]
[BlackTeamCountry "OMN"]

1. e4 c5 2. Nf3 Nc6 3. Bb5 e6 4. O-O Nge7 5. Re1 a6 6. Bf1 d5 7. exd5 Nxd5 8. d4 Nf6 9. Be3 Be7 10. c4 O-O 11. h3 ({RR} 11. Nc3 cxd4 12. Nxd4 Ne5 13. h3 Bd7 14. Bf4 Ng6 15. Bg3 Qb6 16. Nb3 Bc6 17. Qd4 Qb4 18. Rad1 a5 19. Bd6 Bxd6 20. Qxd6 Rfd8 21. Qxd8+ Rxd8 22. Rxd8+ Nf8 23. Rd2 a4 24. Nc1 a3 25. Nd3 Qxc4 {½-½ Aronian,L (2773)-Carlsen,M (2863) Clutch-ch June rapid 2020 (2.11)}) 11... cxd4 12. Nxd4 Qc7 $146 ({RR} 12... Bd7 13. Nf3 Bb4 14. Nc3 Bxc3 15. bxc3 e5 16. Rb1 e4 17. Nd2 Ne5 18. Bd4 Qc7 19. Nxe4 Nxe4 20. Rxe4 Ng6 21. Qh5 Rfe8 22. Rbe1 Rxe4 23. Rxe4 Re8 24. Rxe8+ Bxe8 25. g3 Bc6 26. Qc5 Qd7 27. Bg2 {½-½ Alexikov,A (2303)-Bogdanovich,S (2560) Lutsk Nebesna Sotnya Memorial rap rapid 2018 (3)}) ({RR} 12... Bd7 13. Nf3 Qc7 14. Nc3 Ne5 15. Nxe5 Qxe5 16. Bd4 Qc7 17. Qf3 Bc6 18. Qe3 Rfe8 19. Rac1 Bf8 20. a3 Nd7 21. Qe2 Bc5 22. Bxc5 Nxc5 23. b4 Nb3 24. Rcd1 Red8 25. Qe3 Rxd1 26. Nxd1 Ba4 27. Nc3 {1-0 Korelskiy,E (2187)-Sargissyan,S (2275) CCL Winter 2024 (7.4)}) ({RR} 12... Ne5 13. a3 Bd7 14. Nd2 a5 15. Rc1 a4 16. g3 Qa5 17. Qe2 Rfc8 18. Bg2 Qa6 19. f4 Nc6 20. N2f3 Ne4 21. Nxc6 Bxc6 22. Kh2 Nc5 23. Bxc5 Bxc5 24. Ng5 Bxg2 25. Qh5 Bc6 26. Qxh7+ Kf8 27. Qh8+ {1-0 Rog,B (2075)-Malek,J (2149) POL-ch U20 Pokrzywna 2021 (8)}) 13. Qf3 Bd7 14. Nc3 Ne5 15. Qe2 Ng6 16. Qc2 Rac8 17. Rac1 Rfd8 18. a3 Qa5 19. Ra1 Qe5 20. Rad1 Be8 21. b4 Nh4 22. f4 Qc7 23. Qf2 Ng6 24. f5 exf5 25. Nxf5 Rxd1 26. Rxd1 Bd7 27. Nxe7+ Nxe7 28. Bg5 Be6 29. Bxf6 gxf6 30. Qxf6 Bxc4 31. Bxc4 Qxc4 32. Qxe7 Qxc3 33. Rf1 Qd4+ 34. Kh2 Qc4 35. Rf3 Rc6 36. Qxb7 Rg6 37. Qb8+ Kg7 38. Qe5+ f6 39. Qe7+ Qf7 40. Qxf7+ Kxf7 41. Rf5 Rg5 42. Rxg5 fxg5 43. Kg3 Ke6 44. Kg4 Kd5 45. a4 1-0

[Event "45th Olympiad 2024"]
[Site "Budapest HUN"]
[Date "2024.09.22"]
[Round "11.65"]
[Board "2"]
[White "Salim Mohammed, Salim Al Amri"]
[Black "Hilwani, Talal"]
[Result "1-0"]
[WhiteElo "1926"]
[BlackElo "2264"]
[PlyCount "103"]
[EventDate "2024.09.11"]
[WhiteTeam "Oman"]
[BlackTeam "Syria"]
[WhiteTeamCountry "OMN"]
[BlackTeamCountry "SYR"]

1. e4 e5 2. Nf3 Nf6 3. Nc3 Bb4 4. Bc4 O-O 5. d3 c6 6. Bg5 ({RR} 6. a3 Ba5 7. Bg5 h6 8. Bh4 d6 9. O-O Bg4 10. h3 Bxf3 11. Qxf3 g5 12. Bg3 Kg7 13. Rad1 Nbd7 14. d4 Qe7 15. Ne2 Bc7 16. Bh2 d5 17. Ng3 Qe6 18. Nf5+ Kg6 19. Bb3 Nxe4 20. Qxe4 dxe4 {0-1 Korotchenkov,V (2402)-Zemlyansky,D (2292) Borisoglebsk Bocharov Memorial 2011}) ({RR} 6. Bb3 d5 7. Bd2 Bxc3 8. Bxc3 d4 9. Bb4 Re8 10. Ng5 Be6 11. Nxe6 fxe6 12. O-O b5 13. a4 a5 14. Bd2 b4 15. Bg5 Nbd7 16. Qe2 Qe7 17. f4 h6 18. Bh4 Kh7 19. f5 exf5 20. Rxf5 Rf8 {½-½ Lancman,K (2075)-Lund,G (2335) Titled Tue 19th Mar Late 2024 (4)}) 6... d5 7. Bxf6 gxf6 8. Bb3 $146 ({RR} 8. exd5 cxd5 9. Bb5 a6 10. Ba4 b5 11. Bb3 d4 12. O-O dxc3 13. Nh4 Nc6 14. Qf3 Bb7 15. Bd5 Qd7 16. bxc3 Bxc3 17. Qxf6 e4 18. Qg5+ Kh8 19. Bxe4 Ne7 20. Rad1 Rad8 21. Bxb7 Qxb7 22. d4 f6 {½-½ Favarel,A (2045)-Dube,D (2087) FRA-chT2 West 0607 2006 (4.7)}) 8... d4 9. a3 Ba5 10. Qd2 dxc3 11. bxc3 Be6 12. h4 Kh8 13. h5 Nd7 14. Nh4 Rg8 15. O-O-O Qf8 16. Kb2 Rd8 17. Qe3 Rg5 18. Bxe6 fxe6 19. Ng6+ hxg6 20. hxg6+ Kg8 21. Rh8+ Kg7 22. Rh7+ Kxg6 23. Qh3 f5 24. Rh1 Kf6 25. Qh4 Qg8 26. g3 Nf8 27. Rh5 Rd7 28. f4 Rdg7 29. Rh8 Qf7 30. fxg5+ Ke7 31. g6+ Qf6 32. Qxf6+ Kxf6 33. Rxf8+ Kxg6 34. exf5+ exf5 35. Rf1 Re7 36. R1xf5 Bb6 37. g4 Be3 38. Rg8+ Kh7 39. Rd8 Bb6 40. Rd6 Be3 41. g5 Kg7 42. Rff6 Bf4 43. Rg6+ Kh7 44. Rh6+ Kg8 45. Rdg6+ Kf8 46. Rh8+ Kf7 47. Rhg8 a5 48. R8g7+ Ke8 49. Rxe7+ Kxe7 50. Rg7+ Ke6 51. g6 b5 52. Ra7 1-0

[Event "45th Olympiad 2024"]
[Site "Budapest HUN"]
[Date "2024.09.22"]
[Round "11.65"]
[Board "3"]
[White "Allatif, Kinan"]
[Black "Al Maashani, Abdullah"]
[Result "1-0"]
[WhiteElo "1881"]
[BlackElo "1893"]
[PlyCount "55"]
[EventDate "2024.09.11"]
[WhiteTeam "Syria"]
[BlackTeam "Oman"]
[WhiteTeamCountry "SYR"]
[BlackTeamCountry "OMN"]

1. d4 Nf6 2. Nf3 g6 3. Nc3 d5 4. Bg5 Bg7 5. e3 Nbd7 6. Be2 c6 ({RR} 6... O-O 7. h4 h6 8. Bf4 c5 9. Ne5 Qb6 10. a3 e6 11. g4 Nxe5 12. Bxe5 Ne8 13. Bxg7 Nxg7 14. dxc5 Qxc5 15. Qd4 Qxd4 16. exd4 Bd7 17. Bd3 h5 18. f3 Kh7 19. Kd2 Rh8 20. Ne2 Kg8 21. Nf4 {1-0 Spangenberg,H (2520)-Seitaj,I (2395) Olympiad-33 Elista 1998 (9.3)}) ({RR} 6... O-O 7. h4 h5 8. Qd3 c6 9. e4 dxe4 10. Nxe4 Nxe4 11. Qxe4 Nf6 12. Bxf6 Bxf6 13. O-O-O Qd5 14. Qxd5 cxd5 15. Ne5 Bf5 16. c3 e6 17. Nd7 Rfd8 18. Nxf6+ Kg7 19. Nxh5+ gxh5 20. Bxh5 Rh8 21. Bf3 {1-0 Centeno Mendoza,J (1816)-Rubial Blanco,H (1418) ESP-ch U14 Rapid 2022 (2)}) 7. O-O O-O 8. Bd3 h6 $146 ({RR} 8... Re8 9. e4 dxe4 10. Nxe4 Nxe4 11. Bxe4 Nf6 12. Bd3 Bg4 13. c3 Qb6 14. Qb3 Bxf3 15. Qxb6 axb6 16. gxf3 Nd5 17. Rfe1 b5 18. Bc2 e6 19. Bb3 Nb6 20. Bf4 Nc4 21. Re2 Red8 22. a3 Rd5 23. Kg2 {0-1 Svobodova,M (2070)-Freisler,P (2380) Mlada Boleslav op 1994 (3)}) 9. Bh4 g5 10. Bg3 Nh5 11. Nxg5 Nxg3 12. Bh7+ Kh8 13. fxg3 e5 14. Nxf7+ Rxf7 15. Rxf7 Kxh7 16. h4 Qe8 17. Qf3 Qe6 18. Rf1 exd4 19. exd4 Kg8 20. Ne2 b6 21. Rxg7+ Kxg7 22. Nf4 Qe8 23. Qg4+ Kh8 24. Qf5 Nf8 25. Qf6+ Kh7 26. Nh5 Ne6 27. Qf5+ Kh8 28. Qe5+ 1-0